000 00424nam a2200181Ia 4500
001 21192
005 20260306172901.0
008 260306t2020||||xx |||||||||||||| ||spa||
041 _aESP
082 _a344.2
_bB34
100 _aBeccaria, Cesare,
_eAUT
245 0 _aDe los delitos y de las penas
260 _c2020
300 _a221 páginas :
_c21 cm.
650 _aGEN
654 _aCDE
942 _cLIB
_dJUS
_fJUS
_2ddc
_n
999 _c21192
_d21192